Miasta w Wenezueli - nagła śmierć - Statystyki

Ogólne statystyki
  • Ten quiz został rozwiązany 33 razy
  • Średni wynik to 5 z 13
Answers on the Grid
Answers color-coded by a green-red scale on the quiz's grid according to % correct below.
Caracas
Ciudad Guayana
Maracaibo
Valencia
Barquisimeto
Maturin
Maracay
Ciudad Bolivar
Barcelona
Petare
Puerto la Cruz
Cumana
Barinas
Cartagena
Parana
Fortaleza
Natal
Walencja
Sapucaia do Sul
Montevideo
 
Statystyki odpowiedzi
Odpowiedź % Poprawnych
Caracas
80%
Ciudad Bolivar
60%
Maracaibo
50%
Valencia
50%
Cumana
40%
Petare
40%
Ciudad Guayana
30%
Maracay
30%
Maturin
30%
Puerto la Cruz
30%
Barcelona
20%
Barinas
10%
Barquisimeto
10%
Nie znaleziono quizów pasujących do podanych kryteriów
Rozkład punktacji
Procent ludzi z każdym wynikiem
Percentyl według liczby udzielonych odpowiedzi
Twoja historia wyników
Nie rozwiązałeś tego quizu